| 000 | 00698nam a2200229 4500 | ||
|---|---|---|---|
| 003 | OSt | ||
| 005 | 20240607064652.0 | ||
| 006 | a | ||
| 008 | 240607b |||||||| |||| 00| 0 eng d | ||
| 020 | _a9780132067096 | ||
| 040 |
_aDWCL-Main lib. _cOC |
||
| 082 |
_2third edition _aCirc. 621.3804 Op62d 2010 |
||
| 100 | _aOppenheim, Alan V | ||
| 245 | _aDiscrete-time signal processing / | ||
| 250 | _athird edition | ||
| 260 |
_aUpper Saddle River : _bPearson Higher Education, _cc2010. |
||
| 300 |
_b1132 p. : ill. ; _c23 cm. |
||
| 650 | _a1. Signal processing–Mathematics. | ||
| 650 | _a2. Discrete-time systems. | ||
| 700 | _aAlan V. Oppenheim | ||
| 942 |
_2ddc _n0 _cBK-CIRC _ethird edition _kCirc. |
||
| 999 |
_c366 _d366 |
||